| Tag |
First Indicator |
Second Indicator |
Subfields |
| LEADER |
00000cam a2200000 4500 |
| 001 |
in00000078506 |
| 005 |
20151008052823.0 |
| 008 |
711229s1930 nyu b 00000 eng u |
| 010 |
|
|
|a 30018666
|
| 035 |
|
|
|a (OCoLC)00188397
|
| 035 |
|
|
|9 AAH5031AM
|
| 040 |
|
|
|c WSU
|d TXA
|d UtOrBLW
|
| 049 |
|
|
|a TXAM
|c [100539]
|
| 050 |
|
0 |
|a LC144.D3
|b C6 1930 a
|
| 090 |
|
|
|a LC144.D3
|b C6 1930
|
| 092 |
|
|
|a 371.5209751
|b C777a
|
| 100 |
1 |
|
|a Cooper, Hermann,
|d 1895-
|
| 245 |
1 |
3 |
|a An accounting of progress and attendance of rural school children in Delaware ;
|b a report of results secured from an analysis of the eight-year individual attendance and progress cumulative records of the 1915 entrants into grade I of the rural and village schools of the state of Delaware /
|c by Hermann Cooper ...
|
| 264 |
|
1 |
|a New York city :
|b Teachers college, Columbia university,
|c 1930.
|
| 300 |
|
|
|a 150 pages
|
| 336 |
|
|
|a text
|b txt
|2 rdacontent
|
| 337 |
|
|
|a unmediated
|b n
|2 rdamedia
|
| 338 |
|
|
|a volume
|b nc
|2 rdacarrier
|
| 504 |
|
|
|a "Bibliography, selected and annotated": pages 124-144.
|
| 650 |
|
0 |
|a School attendance
|z Delaware.
|
| 650 |
|
0 |
|a Rural schools
|z Delaware.
|
| 650 |
|
0 |
|a Grading and marking (Students)
|
| 650 |
|
0 |
|a Education.
|
| 740 |
0 |
|
|a Progress and attendance of rural school children in Delaware.
|
| 999 |
|
|
|a MARS
|
| 999 |
f |
f |
|s 1efc6b0e-302e-3d09-9c0b-2142e7a1b495
|i f5030df5-6241-3c33-ae70-8d608a2cda3a
|t 0
|
| 952 |
f |
f |
|p normal
|a Texas A&M University
|b College Station
|c Sterling C. Evans Library
|d Evans: Library Stacks
|t 0
|e LC144.D3 C6 1930
|h Library of Congress classification
|i unmediated -- volume
|m A14800843073
|
| 998 |
f |
f |
|a LC144.D3 C6 1930
|t 0
|l Evans: Library Stacks
|